| 000 | 01528nam a22003857a 4500 | ||
|---|---|---|---|
| 003 | CHAP | ||
| 005 | 20220329140719.0 | ||
| 008 | 971013s1984 r 10010 d | ||
| 010 | _a56417 | ||
| 011 | _a57389 | ||
| 035 | _a61544 | ||
| 040 | _cCHAP | ||
| 082 |
_a634.334 _bS5 1984 |
||
| 111 | 0 | 0 |
_aSimposium sobre la Agroindustria del Limón Mexicano ( _n2 _d: 1984 _c: Tecomán, Colima) _9106485 |
| 245 | _aMemoria | ||
| 260 |
_aMéxico, D. F. : _bINIA. Campo Agrícola Experimental Tecomán, _c(1984) |
||
| 300 | _a391 p. | ||
| 590 |
_aBATCH-UPD _b10 _c20130110 _lUCH01 _h0216 |
||
| 590 |
_aBATCH-UPD _b10 _c20130110 _lUCH01 _h1924 |
||
| 590 |
_aBATCH-UPD _b10 _c20130409 _lUCH01 _h2234 |
||
| 590 |
_aBATCH-UPD _b10 _c20130410 _lUCH01 _h1249 |
||
| 590 |
_aBATCH-UPD _b10 _c20130914 _lUCH01 _h1725 |
||
| 590 |
_aCONVERSION _b10 _c20130109 _lUCH01 _h1330 |
||
| 650 | 1 | 4 |
_aLimón _xEnfermedades. _966825 |
| 650 | 1 | 4 |
_aLimón _xIndustria. _966834 |
| 650 | 1 | 4 |
_aLimón _xMercadeo. _966838 |
| 901 | _aBK | ||
| 942 | _cLIBRO | ||
| 949 |
_a634.334 S5 1984 _bBC _cCONG _d-132176 _eCONG _fc.2 _h61819 _i61544 _si |
||
| 949 |
_a634.334 S5 1984 _bBC _cLIBRO _d33724000204962 _eLIBRO _fc.3 _h61820 _i61544 _si |
||
| 949 |
_a634.334 S5 1984 _bBC _cLIBRO _d33724000204970 _eLIBRO _fc.4 _h62215 _i61544 _si |
||
| 949 |
_a634.334 S5 1984 _bBC _cLIBRO _d33724000204996 _eLIBRO _fc.5 _h64717 _i61544 _si |
||
| 949 |
_a634.334 S5 1984 _bBC _cLIBRO _d33724000635553 _eLIBRO _fc.6 _gI.c/e _h91892 _i61544 _si |
||
| 949 |
_a634.334 S5 1984 _bBC _cLIBRO _d33724000831640 _eLIBRO _h61818 _i61544 _si |
||
| 999 |
_c56417 _d56417 |
||